ბათუმის შოთა რუსთაველის სახელმწიფო უნივერსიტეტის ბიბლიოთეკა

ლიპინკოტის ილუსტრირებული გამოცემა: (ბიბ.ჩანაწერი № 63037)

000 -ლიდერი
ფიქსირებული სიგრძის საკონტროლო ველი 02400nam a22002897a 4500
003 - საკონტროლო ნომრის იდენტიფიკატორი
საკონტროლო ველი Ge_BSU
005 - ბოლო ოპერაციის თარიღი და დრო
საკონტროლო ველი 20250516121150.0
008 - ფიქსირებული სიგრძის მონაცემთა ელემენტები - ზოგადი ინფორმაცია
ფიქსირებული სიგრძის საკონტროლო ველი 250516s2017 ge ||||| |||| 00| 0 geo d
020 ## - წიგნის საერთაშორისო სტანდარტული ნომერი
International Standard Book Number 9789941135910
041 ## - ენის კოდი
Language code of text/sound track or separate title geo
080 ## - უნივერსალური ათობითი კლასიფიკაციის ინდექსი
Universal Decimal Classification number 615 ვ-75
100 ## - მთავარი ჩანაწერი - პიროვნების სახელი
Personal name ვოლენი, კარენ
9 (RLIN) 25057
245 ## - ცნობა სათაურის შესახებ
Title ლიპინკოტის ილუსტრირებული გამოცემა:
Remainder of title ფარმაკოლოგია /
Statement of responsibility, etc კარენ ვოლენი; თანარედაქტორები: რიჩარდ ფინკელი, ტომას ა. პანაველილი; სამეცნ. რედაქტორი და მთარგმნელი თამარ კეზელი; ილუსტრაციები და გრაფიკული დიზაინი: მაიკლ კუპერი, კლერ ჰესი; მთარგმნელი და სამეცნ. რედაქტორი თამარ კეზელი; ყდის დიზაინი მარიამ ებრალიძე; ივანე ჯავახიშვილის სახ. თბილ. სახელმწ. უნ-ტი.
250 ## - გამოცემის ცნობა
Edition statement მე-6 გამოცემა
264 ## - წარმოების, გამოცემის, დისტრიბუციის და სხვა ცნობები
გამოცემის, წარმოების, დისტრიბუციის... ადგილი თბილისი :
გამოცემის, წარმოების, დისტრიბუციის... სახელწოდება თბილ. უნ-ტის გამოცემა,
გამოცემის, წარმოების, დისტრიბუციის... თარიღი 2017.
300 ## - ფიზიკური აღწერა
Extent 918 გვ. :
Other physical details სურ. ;
Dimensions 26 სმ.
500 ## - ზოგადი შენიშვნა
General note გამოცემის თარგმანი: Lippincott illustrated reviews: Pharmacology.
501 ## - შენიშვნა თანმხლებ მასალაზე
With note საძიებელი: გვ. 867-916.
700 ## - ADDED ENTRY--PERSONAL NAME
Personal name ფინკელი, რიჩარდ
Relator term რედაქტორი
9 (RLIN) 25058
700 ## - ADDED ENTRY--PERSONAL NAME
Personal name პანაველილი, ტომას ა.
Relator term რედაქტორი
9 (RLIN) 25059
700 ## - ADDED ENTRY--PERSONAL NAME
Personal name კეზელი, თამარ
Relator term რედაქტორი, მთარგმნელი
9 (RLIN) 23302
700 ## - ADDED ENTRY--PERSONAL NAME
Personal name კუპერი, მაიკლ
Relator term ილუსტრატორი
9 (RLIN) 25060
700 ## - ADDED ENTRY--PERSONAL NAME
Personal name ჰესი, კლერ
Relator term ილუსტრატორი
9 (RLIN) 25061
700 ## - ADDED ENTRY--PERSONAL NAME
Personal name ებრალიძე, მარიამ
Relator term ყდის დიზაინერი
9 (RLIN) 9113
710 ## - ADDED ENTRY--CORPORATE NAME
Corporate name or jurisdiction name as entry element ივანე ჯავახიშვილის სახ. თბილ. სახელმწ. უნ-ტი
9 (RLIN) 25062
942 ## - ADDED ENTRY ELEMENTS (KOHA)
Source of classification or shelving scheme
Koha item type წიგნი
ეგზემპლარები
ჩამოწერის სტატუსი დაკარგული ეგზემპლარის სტატუსი კლასიფიკაციის წყარო ან თაროზე გაწყობის სქემა დაზიანების სტატუსი არ გაიცემა მუდმივი მდებარეობა (დაცვის ადგილი) ამჟამინდელი ადგილსამყოფელი თაროზე განთავსების ადგილი შეძენის თარიღი ღირებულება, შესყიდვის ნორმალური ფასი სრული შენახვის შიფრი შტრიხკოდი ბოლო ოპერაციის თარიღი ეგზემპლარის მიმდევრობითი ნომერი (კეტერი?) ფასის ძალაში შესვლის თარიღი ეგზემპლარის სახეობა საჯარო შენიშვნა
          ბათუმის შოთა რუსთაველის სახელმწიფო უნივერსიტეტის მთავარი ბიბლიოთეკა ბათუმის შოთა რუსთაველის სახელმწიფო უნივერსიტეტის მთავარი ბიბლიოთეკა წიგნსაცავი 2025-05-16 208.00 615 ვ-75 71474 2025-05-16 71474 2025-05-16 წიგნი 208 ლ.
          ბათუმის შოთა რუსთაველის სახელმწიფო უნივერსიტეტის მთავარი ბიბლიოთეკა ბათუმის შოთა რუსთაველის სახელმწიფო უნივერსიტეტის მთავარი ბიბლიოთეკა წიგნსაცავი 2025-05-16 208.00 615 ვ-75 71475 2025-05-16 71475 2025-05-16 წიგნი 208 ლ.
          ბათუმის შოთა რუსთაველის სახელმწიფო უნივერსიტეტის მთავარი ბიბლიოთეკა ბათუმის შოთა რუსთაველის სახელმწიფო უნივერსიტეტის მთავარი ბიბლიოთეკა წიგნსაცავი 2025-05-16 208.00 615 ვ-75 71476 2025-05-16 71476 2025-05-16 წიგნი 208 ლ.
          ბათუმის შოთა რუსთაველის სახელმწიფო უნივერსიტეტის მთავარი ბიბლიოთეკა ბათუმის შოთა რუსთაველის სახელმწიფო უნივერსიტეტის მთავარი ბიბლიოთეკა წიგნსაცავი 2025-05-16 208.00 615 ვ-75 71473 2025-05-16 71473 2025-05-16 წიგნი 208 ლ.
          ბათუმის შოთა რუსთაველის სახელმწიფო უნივერსიტეტის მთავარი ბიბლიოთეკა ბათუმის შოთა რუსთაველის სახელმწიფო უნივერსიტეტის მთავარი ბიბლიოთეკა წიგნსაცავი 2025-05-16 208.00 615 ვ-75 71472 2025-05-16 71472 2025-05-16 წიგნი 208 ლ.
          ბათუმის შოთა რუსთაველის სახელმწიფო უნივერსიტეტის მთავარი ბიბლიოთეკა ბათუმის შოთა რუსთაველის სახელმწიფო უნივერსიტეტის მთავარი ბიბლიოთეკა წიგნსაცავი 2025-05-16 208.00 615 ვ-75 71471 2025-05-16 71471 2025-05-16 წიგნი 208 ლ.
          ბათუმის შოთა რუსთაველის სახელმწიფო უნივერსიტეტის მთავარი ბიბლიოთეკა ბათუმის შოთა რუსთაველის სახელმწიფო უნივერსიტეტის მთავარი ბიბლიოთეკა წიგნსაცავი 2025-05-16 208.00 615 ვ-75 71470 2025-05-16 71470 2025-05-16 წიგნი 208 ლ.
          ბათუმის შოთა რუსთაველის სახელმწიფო უნივერსიტეტის მთავარი ბიბლიოთეკა ბათუმის შოთა რუსთაველის სახელმწიფო უნივერსიტეტის მთავარი ბიბლიოთეკა წიგნსაცავი 2025-05-16 208.00 615 ვ-75 71469 2025-05-16 71469 2025-05-16 წიგნი 208 ლ.
          ბათუმის შოთა რუსთაველის სახელმწიფო უნივერსიტეტის მთავარი ბიბლიოთეკა ბათუმის შოთა რუსთაველის სახელმწიფო უნივერსიტეტის მთავარი ბიბლიოთეკა წიგნსაცავი 2025-05-16 208.00 615 ვ-75 71468 2025-05-16 71468 2025-05-16 წიგნი 208 ლ.
          ბათუმის შოთა რუსთაველის სახელმწიფო უნივერსიტეტის მთავარი ბიბლიოთეკა ბათუმის შოთა რუსთაველის სახელმწიფო უნივერსიტეტის მთავარი ბიბლიოთეკა წიგნსაცავი 2025-05-16 208.00 615 ვ-75 71467 2025-05-16 71467 2025-05-16 წიგნი 208 ლ.